书目信息 |
| 题名: |
财税法律制度改革与完善
|
|
| 作者: | 徐孟洲 著 | |
| 分册: | ||
| 出版信息: | 北京 法律出版社 2009 |
|
| 页数: | 481页 | |
| 开本: | 23cm | |
| 丛书名: | 九鼎财税金融法文库 | |
| 单 册: | ||
| 中图分类: | D922.204 , D922.220.4 | |
| 科图分类: | ||
| 主题词: | 财政法--研究--中国 , 税法--研究--中国 , 财政法 , 税法 | |
| 电子资源: | ||
| ISBN: | 978-7-5036-9437-0 | |
| 000 | 01333oam2 2200349 450 | |
| 001 | 100428617134 | |
| 005 | 20110224090555.39 | |
| 010 | @a978-7-5036-9437-0@dCNY56.00 | |
| 035 | @a004203470 | |
| 100 | @a20090707d2009 em y0chiy0110 ea | |
| 101 | 0 | @achi |
| 102 | @aCN@b110000 | |
| 105 | @ay z 000yy | |
| 106 | @ar | |
| 200 | 1 | @a财税法律制度改革与完善@9cai shui fa lv zhi du gai ge yu wan shan@dReform and perfection of finance and tax legal system@f徐孟洲[等]著@zeng |
| 210 | @a北京@c法律出版社@d2009 | |
| 215 | @a481页@d23cm | |
| 225 | 2 | @a九鼎财税金融法文库 |
| 300 | @a国家社会科学基金的资助(项目编号04BFX028) | |
| 304 | @a著者还有:陈少英、徐阳光、叶姗、张晓婷、侯作前等。 | |
| 330 | @a本书在科学发展观的指引下,以构建和谐社会为背景,既致力于以社会责任与人文关怀为指导思想建构财税法律制度的整体规范系统,又注意从财税法哲学与法理学的深度研究目前财税法律现实中亟待改革与完善的重点与难点问题。 | |
| 461 | 0 | @12001 @a九鼎财税金融法文库 |
| 510 | 1 | @aReform and perfection of finance and tax legal system@zeng |
| 606 | 0 | @a财政法@x研究@y中国 |
| 606 | 0 | @a税法@x研究@y中国 |
| 606 | 0 | @a财政法 |
| 606 | 0 | @a税法 |
| 690 | @aD922.204@v4 | |
| 690 | @aD922.220.4@v4 | |
| 701 | 0 | @a徐孟洲@9xu meng zhou@f(1950.9~)@4著 |
| 801 | 0 | @aCN@bNLC@c20110224 |
| 905 | @b205992185-210@h599218-21@dD922.204@e936@f4 | |
| 财税法律制度改革与完善=Reform and perfection of finance and tax legal system/徐孟洲[等]著.-北京:法律出版社,2009 |
| 481页;23cm.-(九鼎财税金融法文库) |
| 国家社会科学基金的资助(项目编号04BFX028) |
| ISBN 978-7-5036-9437-0:CNY56.00 |
| 本书在科学发展观的指引下,以构建和谐社会为背景,既致力于以社会责任与人文关怀为指导思想建构财税法律制度的整体规范系统,又注意从财税法哲学与法理学的深度研究目前财税法律现实中亟待改革与完善的重点与难点问题。 |
| ● |
| 相关链接 |
|
|
|
|
正题名:财税法律制度改革与完善
索取号:D922.204/936
 
预约/预借
| 序号 | 登录号 | 条形码 | 馆藏地/架位号 | 状态 | 备注 |
| 1 | 599218 | 205992185 | 第一样本阅览室/ [索取号:D922.204/936] | 在馆 | |
| 2 | 599219 | 205992194 | 第一借阅区/ [索取号:D922.204/936] | 在馆 | |
| 3 | 599220 | 205992201 | 第一借阅区/ [索取号:D922.204/936] | 在馆 | |
| 4 | 599221 | 205992210 | 密集书库-史法系/ [索取号:D922.204/936] | 在馆 |